A balazos contra los acuerdos de paz /
Gespeichert in:
| 1. Verfasser: | |
|---|---|
| Format: | Text |
| Schlagworte: | |
| Tags: |
Tag hinzufügen
Keine Tags, Fügen Sie den ersten Tag hinzu!
|
MARC
| LEADER | 00000 a a2200000 04500 | ||
|---|---|---|---|
| 001 | 7094 | ||
| 003 | |||
| 040 | |||
| 100 | |a Hernández Pico, Juan | ||
| 245 | |a A balazos contra los acuerdos de paz / |c Juan Hernández Pico | ||
| 650 | |a ACUERDOS DE PAZ | ||
| 650 | |a FUERZAS ARMADAS | ||
| 650 | |a ONU | ||
| 650 | |a PROBLEMAS SOCIALES | ||
| 650 | |a DESARROLLO SOCIAL | ||
| 650 | |a DERECHOS HUMANOS | ||
| 773 | |g volumen 14, número 158; páginas 39-44 | ||
| 999 | |c 30543 |d 30543 | ||
